Departamento de Huehuetenango

Proyección de población para el departamento de Huahuetenango, Guatemala, período 1972-1980. Estudia los 31 municipios del departamento, por medio de las siguientes variables: población por grupos de edad, población urbana y rural, cálculo de nacimientos por edad de la madre y densidad de población....

Volledige beschrijving

Bewaard in:
Bibliografische gegevens
Hoofdauteur: Poitevin Paz, Rodolfo
Coauteur: Guatemala. Ministerio de Salud Pública y Asistencia Social. Unidad de Planificación y Estadística
Formaat: Texto
Gepubliceerd in: Guatemala: Ministerio de Salud Pública y Asistencia Social
Onderwerpen:
Tags: Voeg label toe
Geen labels, Wees de eerste die dit record labelt!

MARC

LEADER 00000 a a2200000 04500
001 20065
003
040
090 |a 083105  
100 |a Poitevin Paz, Rodolfo  
110 |a Guatemala. Ministerio de Salud Pública y Asistencia Social. Unidad de Planificación y Estadística  
245 |a Departamento de Huehuetenango  
260 |a Guatemala:   |b Ministerio de Salud Pública y Asistencia Social  
300 |a 415 p.  
520 |a Proyección de población para el departamento de Huahuetenango, Guatemala, período 1972-1980. Estudia los 31 municipios del departamento, por medio de las siguientes variables: población por grupos de edad, población urbana y rural, cálculo de nacimientos por edad de la madre y densidad de población. Contiene una parte narrativa, geográfica e histórica, de cada uno de los municipios./ACM  
650 |a GUATEMALA  
650 |a POBLACION  
650 |a DEMOGRAFIA  
650 |a CUADROS ESTADISTICOS  
650 |a PROYECCIONES  
999 |c 17118  |d 17118